| 000 | 00774nam a2200169 i 4500 | ||
|---|---|---|---|
| 001 | 190142 | ||
| 003 | ES-MaACL | ||
| 005 | 20230906223642.0 | ||
| 008 | 200902s1855 sp |||| | spa d | ||
| 245 | 0 | 0 | _aMemoria de las Juntas Municipales de Sanidad y Beneficiencia de Madrid acerca de la epidemia de cólera-morbo padecida en esta capital en el otoño de 1854. |
| 260 |
_aMadrid : _b[s.n.], _c1855 ( _fOficina Tipográfica de la Junta Municipal de Beneficiencia.) |
||
| 300 |
_a24 p., [8] h. pleg. ; _c23 cm. |
||
| 530 | _aDisponible en formato digital. | ||
| 650 | 4 |
_aCólera- _zMadrid. _9141887 |
|
| 852 | 4 |
_aES-MaACL _jT-33-F-5 |
|
| 856 | 4 |
_uhttp://www.memoriademadrid.es/buscador.php?accion=VerFicha&id=306692&num_id=1&num_total=1 _zBiblioteca Digital Memoria de Madrid |
|
| 999 |
_c190142 _d190142 |
||